Effective letters for every occasion / (Record no. 5241)

MARC details
000 -LEADER
fixed length control field 00650nac a22001931u 4500
010 ## - LIBRARY OF CONGRESS CONTROL NUMBER
LC control number 99063087
020 ## - INTERNATIONAL STANDARD BOOK NUMBER
International Standard Book Number 0764112139 pbk.)
082 00 - DEWEY DECIMAL CLASSIFICATION NUMBER
Classification number 395.4
Item number HAW
090 ## - LOCALLY ASSIGNED LC-TYPE CALL NUMBER (OCLC); LOCAL CALL NUMBER (OCLC)
-- 5241
-- 5241
100 ## - MAIN ENTRY--PERSONAL NAME
Personal name Hawley, Casey Fitts.
245 10 - TITLE STATEMENT
Title Effective letters for every occasion /
Statement of responsibility, etc Casey Fitts Hawley.
260 ## - PUBLICATION, DISTRIBUTION, ETC. (IMPRINT)
Place of publication, distribution, etc Hauppauge, N.Y. :
Name of publisher, distributor, etc Barron's,2000
Date of publication, distribution, etc c2000.
300 ## - PHYSICAL DESCRIPTION
Extent 200 p. ;
Dimensions 23 cm.
500 ## - GENERAL NOTE
General note distributer: Al-Ahram
511 ## - PARTICIPANT OR PERFORMER NOTE
Participant or performer note catalogued by: wessam
650 #0 - SUBJECT ADDED ENTRY--TOPICAL TERM
Topical term or geographic name as entry element Letter writing.
856 42 - ELECTRONIC LOCATION AND ACCESS
Materials specified Publisher description
Uniform Resource Identifier <a href="http://www.loc.gov/catdir/enhancements/fy0630/99063087-d.html">http://www.loc.gov/catdir/enhancements/fy0630/99063087-d.html</a>
942 ## - ADDED ENTRY ELEMENTS (KOHA)
Item type Book - Borrowing
Call number prefix 395.4HAW
Holdings
Withdrawn status Item status Damaged status Not for loan Home library Current library Shelving location Date acquired Source of acquisition Total Checkouts Full call number Barcode Date last seen Koha item type
        Central Library Central Library First floor 22/10/2007 Purchase   395.4HAW 000006365 15/07/2025 Book - Borrowing